| 000 | 00392cam a2200169ua 4500 | ||
|---|---|---|---|
| 041 |
_aeng _h |
||
| 082 |
_a634 _bHAY/FR |
||
| 100 | _aHayes, W.B . | ||
| 245 |
_aFruit growing in India / _cW.B Hayes. _hTextual Documents |
||
| 250 |
_a3 / _b. |
||
| 260 |
_aAllahabad : _bKitabistan , _c1966. |
||
| 300 | _a ; . | ||
| 504 | _a | ||
| 942 | _cBK | ||
| 999 |
_c6759 _d6759 |
||